|
|
|
|
| LEADER |
01035nam a2200265 a 4500 |
| 001 |
2944 |
| 003 |
BD-DhAAL |
| 005 |
20150623110821.0 |
| 008 |
150623s1997 nyua b 001 0beng |
| 010 |
|
|
|a 96049770
|
| 020 |
|
|
|a 0471130826 (cloth : alk. paper)
|
| 040 |
|
|
|a DLC
|c DLC
|d DLC
|d BD-DhAAL
|
| 050 |
0 |
0 |
|a PN1992.4.D46
|b M35 1997
|
| 082 |
0 |
0 |
|a 384.55/4/092
|a B
|2 21
|
| 100 |
1 |
|
|a Mair, George,
|d 1929-
|9 12390
|
| 245 |
1 |
4 |
|a The Barry Diller story :
|b the life and times of America's greatest entertainment mogul /
|c George Mair.
|
| 260 |
|
|
|a New York :
|b J. Wiley,
|c c1997.
|
| 300 |
|
|
|a iv, 348 p. :
|b ill. ;
|c 24 cm.
|
| 504 |
|
|
|a Includes bibliographical references (p. 331-342) and index.
|
| 541 |
|
|
|e 2944
|
| 600 |
1 |
0 |
|a Diller, Barry.
|9 12391
|
| 650 |
|
0 |
|a Chief executive officers
|z United States
|x Biography.
|9 12392
|
| 942 |
|
|
|2 ddc
|c BK
|
| 999 |
|
|
|c 34818
|d 34818
|
| 952 |
|
|
|0 0
|1 0
|2 ddc
|4 0
|6 384_554092000000000_MAI
|7 0
|9 54481
|a SCL
|b SCL
|c GEN
|d 2015-06-23
|e Gift: The Asia Foundation
|l 0
|o 384.554092 MAI
|p 3020002944
|r 2015-06-23
|t 1
|w 2015-06-23
|y BK
|